000 00882cam a2200241 a 4500
001 1199978
005 20250223112700.0
008 980818s1999 enk 000 0 eng c
020 _a0192629042 (pbk.)
050 0 0 _aRJ80
_b.R68 1999
082 0 0 _a618.92/00076
_221
100 1 _aRound, Jonathan.
245 1 0 _aPaediatrics :
_bkey questions answered /
_cJonathan Round.
260 _aOxford ;
_aNew York :
_bOxford University Press,
_cc1999.
300 _ax, 293 p. ;
_c22 cm.
440 0 _aOxford medical publications
500 _aIncludes index.
650 0 _aPediatrics
_xExaminations, questions, etc.
650 1 2 _aPediatrics
_vexamination questions.
856 4 2 _3Publisher description
_uhttp://www.loc.gov/catdir/enhancements/fy0603/98041105-d.html
856 4 1 _3Table of contents only
_uhttp://www.loc.gov/catdir/enhancements/fy0603/98041105-t.html
942 _2lcc
_cBK
_n0
999 _c4175
_d4175